Cine musical : desde Gene Kelly a John Travolta, pasando por Gingers Rogers y Liza Minnelli /

保存先:
書誌詳細
第一著者: Pérez, Adolfo (autor)
フォーマット: 図書
言語:スペイン語
出版事項: Madrid, España : Masters, 2004, c2004
シリーズ:(¿Sabes de Cine?)
主題:
タグ: タグ追加
タグなし, このレコードへの初めてのタグを付けませんか!

MARC

LEADER 00000nam^a2200000^a^4500
001 000181730
005 20250521000000.0
009 20260310101942.724
020 |a 84-933186-5-5 
037 |a Acervo ITESO - Biblioteca 
041 |a ESP 
082 |a 302. 235219  |b PER 
100 |a Pérez, Adolfo  |e (autor) 
245 1 0 |a Cine musical :  |b desde Gene Kelly a John Travolta, pasando por Gingers Rogers y Liza Minnelli /  |c A. Pérez. 
264 4 |a Madrid, España :  |b Masters,  |c 2004, c2004 
300 |a 454 p. 
336 |a texto  |b txt  |2 rdacontenido 
337 |a sin mediación  |b n  |2 rdamedio 
338 |a volumen  |b nc  |2 rdasoporte 
440 1 |a (¿Sabes de Cine?) 
649 |a XX 
650 |a Actores Norteamericanos -  |x Biografías 
650 |a Películas Musicales -  |x Filmografías 
650 |a Películas Musicales -  |x Historia y Crítica 
650 |a Cine -  |x Historia y Crítica 
650 |a Cine -  |y Siglo XX 
650 |a Medios Audiovisuales -  |x Historia 
650 |a Medios de Comunicación -  |x Historia 
650 |a Comunicación Visual -  |x Historia 
650 |a Comunicación Masiva -  |x Historia 
910 |a Fondo General 
920 |a Impresos - Libros 
930 |a Colección General 
905 |a 101 
901 |a 0500121620  |b IT1  |c ACC  |u 20250521 
902 |a https://opac.biblio.iteso.mx/vufind/Record/000181730